[Event "BEL-chT 0910"]
[Site "Belgium"]
[Date "2010.02.07"]
[Round "8"]
[White "Khonghaloos, Galeh"]
[Black "De Haan, Eric"]
[Result "1-0"]
[WhiteElo "2217"]
[BlackElo "2369"]
[PlyCount "123"]
[EventDate "2009.09.27"]
[EventType "team-tourn"]
[EventRounds "11"]
[EventCountry "BEL"]
[SourceTitle "EXT 2011"]
[Source "ChessBase"]
[SourceDate "2010.11.26"]
[SourceVersion "1"]
[SourceVersionDate "2010.11.26"]
[SourceQuality "1"]
[WhiteTeam "Aalter"]
[BlackTeam "Borgerhout"]
[WhiteTeamCountry "BEL"]
[BlackTeamCountry "BEL"]

1. e4 c5 2. Nc3 Nc6 3. f4 g6 4. Nf3 Bg7 5. Bb5 Nd4 6. a4 a6 7. Bd3 d6 8. Nxd4 cxd4 9. Ne2 Nf6 10. 0-0 0-0 11. c3 dxc3 12. bxc3 Bd7 13. Rb1 Bc6 14. Nd4 Bxe4 15. Bxe4 Nxe4 16. Rxb7 Bxd4+ 17. cxd4 Rb8 18. Rxb8 Qxb8 19. Qe2 d5 20. f5 Qb4 21. d3 Qxd4+ 22. Be3 Nc3 23. Qd2 Qg7 24. f6 exf6 25. Qxc3 f5 26. Bd4 Qh6 27. Qc6 Qh4 28. Qf6 Qxf6 29. Bxf6 Rc8 30. Rb1 h6 31. Rb6 g5 32. Rxa6 f4 33. Rd6 Rc1+ 34. Kf2 g4 35. Bh4 Rc2+ 36. Kf1 f3 37. gxf3 Rxh2 38. Bg3 Ra2 39. Rxh6 Rxa4 40. Be5 Kf8 41. f4 Ke8 42. Rd6 Ke7 43. Rxd5 f6 44. Bb8 Ke6 45. Rb5 f5 46. Be5 Ra3 47. Rb6+ Kd5 48. Rd6+ Kc5 49. Rd8 Ra2 50. Rf8 Rd2 51. Rxf5 Rxd3 52. Rg5 Kd5 53. Rxg4 Ke4 54. Kg2 Ra3 55. Rg3 Ra2+ 56. Kh3 Kf5 57. Rg5+ Ke4 58. Kg4 Rh2 59. Bc7 Rg2+ 60. Kh5 Rc2 61. Re5+ Kd4 62. Re7 1-0

[Event "BEL-chT 0910"]
[Site "Belgium"]
[Date "2009.11.22"]
[Round "4"]
[White "Schulz, Klaus Juergen"]
[Black "Khonghaloos, Galeh"]
[Result "0-1"]
[WhiteElo "2385"]
[BlackElo "2217"]
[PlyCount "48"]
[EventDate "2009.09.27"]
[EventType "team-tourn"]
[EventRounds "11"]
[EventCountry "BEL"]
[SourceTitle "EXT 2011"]
[Source "ChessBase"]
[SourceDate "2010.11.26"]
[SourceVersion "1"]
[SourceVersionDate "2010.11.26"]
[SourceQuality "1"]
[WhiteTeam "KSK47 Eynatten II"]
[BlackTeam "Aalter"]
[WhiteTeamCountry "BEL"]
[BlackTeamCountry "BEL"]

1. d4 Nf6 2. Nf3 e6 3. c4 d5 4. Nc3 Be7 5. Bf4 a6 6. e3 0-0 7. Qc2 Nbd7 8. 0-0-0 dxc4 9. Bxc4 b5 10. Bd3 Bb7 11. e4 c5 12. d5 c4 13. Be2 exd5 14. exd5 Bb4 15. Ng5 Bxc3 16. bxc3 h6 17. h4 Nc5 18. Be3 Nd3+ 19. Bxd3 cxd3 20. Rxd3 Rc8 21. Bd4 Bxd5 22. Kb2 Ne4 23. Nxe4 Bxe4 24. Rg3 Qxd4 0-1

[Event "Ghent op 27th"]
[Site "Ghent"]
[Date "2004.07.21"]
[Round "9"]
[White "Mottart, Florian"]
[Black "Khonghaloos, Galeh"]
[Result "1-0"]
[WhiteElo "1689"]
[BlackElo "1884"]
[PlyCount "56"]
[EventDate "2004.07.17"]
[EventType "swiss"]
[EventRounds "9"]
[EventCountry "BEL"]
[SourceTitle "CBM 101 Extra"]
[Source "ChessBase"]
[SourceDate "2004.09.01"]
[SourceVersion "2"]
[SourceVersionDate "2004.09.01"]
[SourceQuality "1"]

1. e4 e6 2. d4 d5 3. exd5 exd5 4. Nf3 Nf6 5. Bd3 Bd6 6. 0-0 0-0 7. Bg5 Bg4 8. Nbd2 Nbd7 9. c3 c6 10. Qc2 h6 11. Bh4 Qc7 12. Bg3 Rfe8 13. Rfe1 Nf8 14. Ne5 Nh5 15. Nxg4 Ne6 16. Bxd6 Qxd6 17. Ne5 Nef4 18. g3 Nxd3 19. Qxd3 Re6 20. Re3 Nf6 21. Rae1 h5 22. Nef3 Ng4 23. Rxe6 fxe6 24. Ne5 Nf6 25. Ndf3 Ne4 26. Nd2 Nf6 27. Qg6 Rf8 28. Ndf3 c5 1-0

[Event "BEL-ch U16"]
[Site "Worriken Buetgenbach"]
[Date "2004.04.11"]
[Round "9.1"]
[White "Khonghaloos, Galeh"]
[Black "Verlinde, Tieme"]
[Result "1-0"]
[WhiteElo "1884"]
[BlackElo "1694"]
[PlyCount "113"]
[EventDate "2004.04.03"]
[EventType "swiss"]
[EventRounds "9"]
[EventCountry "BEL"]
[SourceTitle "EXT 2006"]
[Source "ChessBase"]
[SourceDate "2005.11.24"]
[SourceVersion "1"]
[SourceVersionDate "2005.11.24"]
[SourceQuality "1"]

1. d4 f5 2. Bg5 Nf6 3. Bxf6 exf6 4. e3 d5 5. Bd3 Bd6 6. Qf3 g6 7. Nd2 c6 8. h4 Qe7 9. Ne2 Be6 10. h5 Qg7 11. 0-0-0 Nd7 12. Nf4 Bf7 13. c4 dxc4 14. Nxc4 Bxc4 15. Bxc4 Bxf4 16. exf4 0-0-0 17. Be6 Kb8 18. g4 fxg4 19. Qxg4 g5 20. h6 Qe7 21. Rhe1 Nb6 22. Bb3 Qf8 23. fxg5 fxg5 24. Qxg5 Qxf2 25. Rf1 Qh2 26. Rf7 Qd6 27. Qg7 Nd7 28. Re1 Rhe8 29. Ref1 Kc8 30. Qg4 Qxh6+ 31. Kb1 Qg6+ 32. Qxg6 hxg6 33. Rg7 Re4 34. d5 Rg4 35. dxc6 bxc6 36. Rc1 c5 37. Be6 Rg5 38. Rd1 Rg3 39. Rgxd7 Rxd7 40. Bxd7+ Kc7 41. Be6 g5 42. b3 Rg2 43. Bd5 Rg3 44. Be4 Rg4 45. Bf5 Rg3 46. Rd7+ Kb6 47. Rg7 a5 48. Rg6+ Kb5 49. Kb2 Rg2+ 50. Ka3 Rd2 51. Rxg5 Rd4 52. Be6 Rd8 53. Bc4+ Kb6 54. Rg6+ Kc7 55. Ka4 Rd2 56. Kxa5 Rxa2+ 57. Kb5 1-0

[Event "Geraardsbergen op"]
[Site "Geraardsbergen"]
[Date "2003.08.16"]
[Round "6"]
[White "De Putter, Theo"]
[Black "Khonghaloos, Galeh"]
[Result "0-1"]
[WhiteElo "2017"]
[BlackElo "1815"]
[PlyCount "88"]
[EventDate "2003.08.??"]
[EventType "swiss"]
[EventRounds "7"]
[EventCountry "BEL"]
[SourceTitle "EXT 2005"]
[Source "ChessBase"]
[SourceDate "2004.11.15"]
[SourceVersion "1"]
[SourceVersionDate "2004.11.15"]
[SourceQuality "1"]

1. e4 e5 2. Nf3 Nc6 3. d4 exd4 4. Nxd4 Bc5 5. Nxc6 Qf6 6. Qd2 bxc6 7. Nc3 Ne7 8. Bd3 d5 9. 0-0 0-0 10. Qf4 Qxf4 11. Bxf4 d4 12. Na4 Bb6 13. Nxb6 cxb6 14. Bd6 Re8 15. f4 f5 16. Bc4+ Kh8 17. e5 Nd5 18. Bxd5 cxd5 19. Rad1 Be6 20. Rxd4 Rac8 21. Rf2 Kg8 22. Ra4 a5 23. Ra3 Rc6 24. Rb3 Rec8 25. Rb5 d4 26. b3 Rxc2 27. Rxb6 d3 28. Ba3 Bd5 29. Ra6 Be4 30. e6 R2c6 31. Rxc6 Rxc6 32. e7 Kf7 33. g3 a4 34. bxa4 Ra6 35. Rb2 Rxa4 36. Bd6 Rd4 37. Rb8 Bc6 38. Rf8+ Kg6 39. Bb4 Rxb4 40. Rd8 Kf7 41. Rxd3 Kxe7 42. Re3+ Be4 43. Re2 Ke6 44. g4 fxg4 0-1

[Event "Geraardsbergen op"]
[Site "Geraardsbergen"]
[Date "2003.08.15"]
[Round "3"]
[White "Khonghaloos, Galeh"]
[Black "Versporten, Wim"]
[Result "0-1"]
[WhiteElo "1815"]
[BlackElo "2107"]
[PlyCount "54"]
[EventDate "2003.08.??"]
[EventType "swiss"]
[EventRounds "7"]
[EventCountry "BEL"]
[SourceTitle "EXT 2005"]
[Source "ChessBase"]
[SourceDate "2004.11.15"]
[SourceVersion "1"]
[SourceVersionDate "2004.11.15"]
[SourceQuality "1"]

1. e4 c6 2. d4 d5 3. exd5 cxd5 4. Bd3 Nf6 5. h3 Nc6 6. c3 g6 7. Nf3 Qc7 8. Na3 a6 9. Bg5 Bg7 10. Nc2 0-0 11. Ne3 Be6 12. Ng4 Nxg4 13. hxg4 Bxg4 14. Qd2 Bxf3 15. gxf3 e5 16. Bh6 f5 17. Bxg7 Qxg7 18. 0-0-0 exd4 19. c4 Ne5 20. cxd5 Rfd8 21. f4 Nxd3+ 22. Qxd3 Rxd5 23. Qb3 Rad8 24. Rd3 Qf7 25. Kb1 R5d7 26. Qb6 Rd6 27. Qb4 Qd5 0-1

[Event "Geraardsbergen op"]
[Site "Geraardsbergen"]
[Date "2003.08.14"]
[Round "2"]
[White "Hautekeete, Johan"]
[Black "Khonghaloos, Galeh"]
[Result "0-1"]
[WhiteElo "1617"]
[BlackElo "1815"]
[PlyCount "76"]
[EventDate "2003.08.??"]
[EventType "swiss"]
[EventRounds "7"]
[EventCountry "BEL"]
[SourceTitle "EXT 2005"]
[Source "ChessBase"]
[SourceDate "2004.11.15"]
[SourceVersion "1"]
[SourceVersionDate "2004.11.15"]
[SourceQuality "1"]

1. d4 d5 2. c4 e6 3. Nc3 Be7 4. Nf3 Nf6 5. Bg5 c6 6. e3 Nbd7 7. Qc2 h6 8. Bf4 0-0 9. Bd3 dxc4 10. Bxc4 c5 11. 0-0 cxd4 12. exd4 Nb6 13. Bb3 Nbd5 14. Bg3 b6 15. Qe2 Bb7 16. Rfe1 Rc8 17. Rac1 Nb4 18. a3 Ba6 19. Nb5 Nc6 20. Red1 Nd5 21. Bc4 Bb7 22. Nc3 Na5 23. Nxd5 Bxd5 24. Ba6 Rxc1 25. Rxc1 Bd6 26. Ne5 Nb3 27. Rc8 Qg5 28. Rxf8+ Kxf8 29. Qc2 Qd8 30. Qh7 Qg5 31. Qc2 Kg8 32. Qc8+ Kh7 33. Nxf7 Qd2 34. Nxd6 Qe1+ 35. Bf1 Nxd4 36. Qa6 b5 37. h3 Ne2+ 38. Kh2 Qxf1 0-1